=LDR 00000nam 2200000 4500 =001 INLIS000000000000581 =005 20150326111921.0 =006 =007 =008 Ind =035 ##$$0010-061300000000581 =041 ##$$a Ind =082 ##$$a 604.6 =090 ##$$a 604.6 Sai p =100 ##$$a Sa'id, E Gumbira =245 ##$$a Penanganan dan pemanfaatan limbah kelapa sawit / E Gumbira Sa'id =260 ##$$a Ungaran $b Trubus Agriwidya $c 1996 =300 ##$$a ix, 106 hlm. : ilus. ; 21 cm =650 ##$$a Limbah pabrik =850 ##$$a NBPNMAT